|
|
|
|
| LEADER |
00000nam0a2200000 4500 |
| 001 |
140450 |
| 005 |
20231031142041.0 |
| 010 |
|
|
|a 3540429670
|
| 035 |
|
|
|a (RuTPU)RU\TPU\book\152155
|
| 090 |
|
|
|a 140450
|
| 100 |
|
|
|a 20080701d2002 k y0engy50 ba
|
| 101 |
0 |
|
|a eng
|
| 102 |
|
|
|a GB
|
| 105 |
|
|
|a a z 001zy
|
| 200 |
1 |
|
|a An Introduction to Underwater Acoustics. Principles and Applications
|f X. Lurton
|
| 210 |
|
|
|a Chichester
|c Praxis Publishing
|d 2002
|
| 215 |
|
|
|a 347 p.
|c il.
|
| 320 |
|
|
|a Bibliography: p. 331-339.
|
| 320 |
|
|
|a Index: p. 341-347.
|
| 610 |
1 |
|
|a акустика
|
| 610 |
1 |
|
|a прикладная акустика
|
| 610 |
1 |
|
|a акустические исследования
|
| 610 |
1 |
|
|a применение
|
| 610 |
1 |
|
|a подводная акустика
|
| 610 |
1 |
|
|a английский язык
|
| 675 |
|
|
|a 534.8
|v 3
|
| 700 |
|
1 |
|a Lurton
|b X.
|g Xavier
|
| 801 |
|
1 |
|a RU
|b 63413507
|c 20080701
|g PSBO
|
| 801 |
|
2 |
|a RU
|b 63413507
|c 20080714
|g PSBO
|
| 942 |
|
|
|c BK
|